00427nam a2200121Ia 4500003000400000005001700004008004100021040001800062041000800080100004500088245013800133260003400271OSt20260114161644.0211028s2012 xx 000 0 und d cAIMIT LIBRARY aeng aPandey, Baijnath; Dhananjaya K.g1016045 aTo analysis and forecast the hotels business environment in mangalore in next two years in context with the gateway hotel Mangalore / aMangalorebDhananjaya Kc2012